[Event "Montreal Pere Noel U1800"]
[Site "Montreal"]
[Date "2012.12.29"]
[Round "4.29"]
[White "Ouellet, Maili Jade"]
[Black "Couture, Gerard"]
[Result "1/2-1/2"]
[WhiteElo "1399"]
[BlackElo "1627"]
[PlyCount "93"]
[EventDate "2012.12.26"]
[EventType "swiss"]
[EventRounds "5"]
[EventCountry "CAN"]
[SourceTitle "EXT 2022"]
[Source "ChessBase"]
[SourceDate "2021.10.06"]
[SourceVersion "1"]
[SourceVersionDate "2021.10.06"]
[SourceQuality "1"]

1. d4 d5 2. c4 e6 3. Nc3 c6 4. Nf3 Nf6 5. Bg5 h6 6. Bh4 Be7 7. e3 Nbd7 8. cxd5 exd5 9. Bd3 0-0 10. Qc2 Re8 11. Rb1 c5 12. dxc5 Nxc5 13. Bf5 Bxf5 14. Qxf5 Nce4 15. 0-0 Nxc3 16. bxc3 b6 17. Rfd1 Rc8 18. Bxf6 Bxf6 19. Rxd5 Qe7 20. Rd7 Qa3 21. Qd5 Rf8 22. h3 Rxc3 23. e4 Rc5 24. Qd2 Rfc8 25. Rb3 Qa5 26. Qxa5 Rxa5 27. a3 Rc1+ 28. Kh2 Rc3 29. Rd8+ Kh7 30. Rxc3 Bxc3 31. Rd7 f6 32. Rd3 Bb2 33. Nh4 Bxa3 34. Rd7 a6 35. Rf7 Kg8 36. Rb7 Rb5 37. Nf5 Bf8 38. Rb8 Kf7 39. Rb7+ Kg6 40. Rb8 Kf7 41. Rb7+ Kg8 42. Rb8 Re5 43. Rxb6 g5 44. Rxa6 Kf7 45. Ra7+ Kg6 46. Ra8 Kf7 47. Ra7+ 1/2-1/2

[Event "Rouyn Abitibi op-B"]
[Site "Rouyn"]
[Date "1987.03.28"]
[Round "3"]
[White "Couture, Gerard"]
[Black "Bedard, Joel"]
[Result "0-1"]
[WhiteElo "1368"]
[BlackElo "1332"]
[PlyCount "114"]
[EventDate "1987.03.27"]
[EventType "swiss"]
[EventRounds "5"]
[EventCountry "CAN"]
[SourceTitle "EXT 2022"]
[Source "ChessBase"]
[SourceDate "2021.10.06"]
[SourceVersion "1"]
[SourceVersionDate "2021.10.06"]
[SourceQuality "1"]

1. d4 Nf6 2. c4 e6 3. Nc3 Bb4 4. Qc2 0-0 5. Bg5 c5 6. Nf3 Nc6 7. e3 d5 8. a3 cxd4 9. exd4 Bxc3+ 10. bxc3 b6 11. cxd5 exd5 12. Bd3 h6 13. Be3 Re8 14. h3 Bb7 15. 0-0 Na5 16. Ne5 Rc8 17. Rfe1 Nc4 18. Ng4 Nxg4 19. hxg4 Nxe3 20. Rxe3 Qg5 21. Rae1 Rxe3 22. Rxe3 Kf8 23. Qe2 Bc6 24. Bf5 Re8 25. g3 Rxe3 26. fxe3 g6 27. Bc2 b5 28. Qf3 Bd7 29. Bd1 Qe7 30. Bc2 Qg5 31. Bd1 Qe7 32. Bc2 Kg7 33. e4 dxe4 34. Qxe4 Qxa3 35. Bd3 Qxc3 36. Qe5+ Kg8 37. Bxb5 Bxb5 38. Qxb5 Qxd4+ 39. Kg2 Qxg4 40. Qb8+ Kg7 41. Qxa7 Qe6 42. Qd4+ f6 43. Qa7+ Qf7 44. Qa1 h5 45. Kh3 Qe6+ 46. Kg2 g5 47. Qb2 Kg6 48. Qd4 Qe2+ 49. Kg1 Kf5 50. Qd5+ Kg4 51. Qb3 Qf3 52. Qc4+ Kxg3 53. Qc7+ Kh4 54. Qe7 g4 55. Qb4 Kh3 56. Qd2 g3 57. Qd7+ f5 0-1